000 01307nam2a2200289 4500
001 rc\2932741
005 20260315071719.0
035 _a(NLR Aleph) 009035879
090 _a13632130
_c13632130
100 _a20110828d1933 u y0rusy50 ca
101 0 _arus
102 _aRU
105 _ay z |||||
200 0 _aПисьмо 1
210 _d1933
215 _a36 с.
309 _aБез тит. л. и обл.
461 0 _1001rc\2932740
_12001#$aЭкономгеография Крайнего Севера$fН.Н. Поляков$gНКП-РСФСР-ГПФ. Заоч. охоткооп. курсы при Ин-те промысл.-охотничьего и пушно-сырьевого хоз-ва$vПисьмо 1
_98011034
_cМосква
_d1933
_fН.Н. Поляков
_nВсесоюзное объединенное кооперативне издательство
_tЭкономгеография Крайнего Севера
_vПисьмо 1
607 _aСССР
_xЭкономическая география
_yСевер
_91686471
_3RU\NLR\AUTH\661047881
617 _aСССР
_mКрайний Север
686 _aУ04(2Р1)
801 0 _aRU
_bNLR
_gpsbo
801 1 _aRU
_bELAR
_2rusmarc
801 2 _aRU
_bNLR
_c20121207
_2rusmarc
852 _aNLR
_j33-18/411(1)
942 _cUNSPEC
980 _aNB